MARC details
| 000 -LEADER |
| fixed length control field |
03834cam a22005055i 4500 |
| 001 - CONTROL NUMBER |
| control field |
data |
| 005 - DATE AND TIME OF LATEST TRANSACTION |
| control field |
20260322212114.0 |
| 006 - FIXED-LENGTH DATA ELEMENTS--ADDITIONAL MATERIAL CHARACTERISTICS |
| fixed length control field |
data |
| 007 - PHYSICAL DESCRIPTION FIXED FIELD--GENERAL INFORMATION |
| fixed length control field |
data |
| 008 - FIXED-LENGTH DATA ELEMENTS--GENERAL INFORMATION |
| fixed length control field |
data |
| 035 ## - SYSTEM CONTROL NUMBER |
| System control number |
21740352 |
| 010 ## - LIBRARY OF CONGRESS CONTROL NUMBER |
| LC control number |
2019757959 |
| 020 ## - INTERNATIONAL STANDARD BOOK NUMBER |
| International Standard Book Number |
9783319402987 |
| 024 7# - OTHER STANDARD IDENTIFIER |
| Standard number or code |
10.1007/978-3-319-40298-7 |
| Source of number or code |
doi |
| 035 ## - SYSTEM CONTROL NUMBER |
| System control number |
(DE-He213)978-3-319-40298-7 |
| 040 ## - CATALOGING SOURCE |
| Original cataloging agency |
DLC |
| Language of cataloging |
eng |
| Description conventions |
rda |
| -- |
rda |
| Transcribing agency |
DLC |
| 072 #7 - SUBJECT CATEGORY CODE |
| Subject category code |
BUS025000 |
| Source |
bisacsh |
| 072 #7 - SUBJECT CATEGORY CODE |
| Subject category code |
KJH |
| Source |
bicssc |
| 072 #7 - SUBJECT CATEGORY CODE |
| Subject category code |
KJH |
| Source |
thema |
| 082 04 - DEWEY DECIMAL CLASSIFICATION NUMBER |
| Classification number |
658.421 |
| Edition information |
23 |
| 097 00 - |
| -- |
HB615 |
| 100 1# - MAIN ENTRY--PERSONAL NAME |
| Personal name |
Hyz, Alina, |
| Relator term |
author. |
| 245 10 - TITLE STATEMENT |
| Title |
Creative Industries in Greece : |
| Remainder of title |
An Empirical Analysis from the Region of Epirus / |
| Statement of responsibility, etc. |
by Alina Hyz, Kostas Karamanis. |
| 250 ## - EDITION STATEMENT |
| Edition statement |
1st ed. 2016. |
| 264 #1 - PRODUCTION, PUBLICATION, DISTRIBUTION, MANUFACTURE, AND COPYRIGHT NOTICE |
| Place of production, publication, distribution, manufacture |
Cham : |
| Name of producer, publisher, distributor, manufacturer |
Imprint: Palgrave Macmillan, |
| -- |
Imprint: Palgrave Macmillan, |
| Date of production, publication, distribution, manufacture, or copyright notice |
2016. |
| 300 ## - PHYSICAL DESCRIPTION |
| Extent |
1 online resource (X, 116 pages 10 illustrations, 2 illustrations in color.) |
| 336 ## - CONTENT TYPE |
| Content type term |
text |
| Content type code |
txt |
| Source |
rdacontent |
| 337 ## - MEDIA TYPE |
| Media type term |
computer |
| Media type code |
c |
| Source |
rdamedia |
| 338 ## - CARRIER TYPE |
| Carrier type term |
online resource |
| Carrier type code |
cr |
| Source |
rdacarrier |
| 347 ## - DIGITAL FILE CHARACTERISTICS |
| File type |
text file |
| Encoding format |
PDF |
| Source |
rda |
| 505 0# - FORMATTED CONTENTS NOTE |
| Formatted contents note |
Introduction -- Chapter 1. Theoretical Overview -- Chapter 2. Benchmarking of sectors and the environment -- Chapter 3. Epirus. Introducing the Region -- Chapter 4. Presentation of Cultural and Creative Industries in Region of Epirus -- Chapter 5. Critical Assessment of the Cultural and Creative industries in the Region of Epirus. |
| 520 ## - SUMMARY, ETC. |
| Summary, etc. |
Analyzing the role of creative industries, this book explores regional development within the economic cycle. Using the Greek region of Epirus as an in-depth case study, the authors identify the main opportunities for the region's development as well as the necessary conditions and constraints to achieve future economic growth. The last decade has seen creative industries receive growing attention from researchers, leading to an increasing body of analysis, studies and statistics. Despite this, they remain to be poorly understood and thus underestimated by many societies and policy makers, including those in the Greek economy. Creative Industries in Greece provides a close study of this sector and disseminates its best practices to examine its strengths, weaknesses, threats and opportunities. Alina Hyz is Professor of Business Administration at the Department of Accounting and Finance, Piraeus University of Applied Sciences, Greece. With both professional and teaching experience, her previous posts include Assistant Professor at the University of Lodz (1988-1997), postdoctoral research fellowship from the Greek Ministry of Education at the University of Macedonia, Thessaloniki and Robert Schuman scholar at the European Parliament, Directorate General for Research, Luxembourg. Kostas Karamanis is Associate Professor of Economics at the Department of Accounting and Finance, Technological Educational Institute of Epirus, Greece. He previously worked at the Greek Ministry of Employment from 2002-2011. Kostas' main research interests include market deregulation, competition and labour market, and his work has been published in international and Greek refereed journals. |
| 588 ## - SOURCE OF DESCRIPTION NOTE |
| Source of description note |
Description based on publisher-supplied MARC data. |
| 650 #0 - SUBJECT ADDED ENTRY--TOPICAL TERM |
| Topical term or geographic name entry element |
Entrepreneurship. |
| 650 14 - SUBJECT ADDED ENTRY--TOPICAL TERM |
| Topical term or geographic name entry element |
Entrepreneurship. |
| Authority record control number or standard number |
https://scigraph.springernature.com/ontologies/product-market-codes/514000 |
| 700 1# - ADDED ENTRY--PERSONAL NAME |
| Personal name |
Karamanis, Kostas, |
| Relator term |
author. |
| 776 08 - ADDITIONAL PHYSICAL FORM ENTRY |
| Relationship information |
Print version: |
| Title |
Creative industries in greece : an empirical analysis from the region of Epirus |
| International Standard Book Number |
9783319402970 |
| Record control number |
(DLC) 2016949372 |
| 776 08 - ADDITIONAL PHYSICAL FORM ENTRY |
| Relationship information |
Printed edition: |
| International Standard Book Number |
9783319402970 |
| 776 08 - ADDITIONAL PHYSICAL FORM ENTRY |
| Relationship information |
Printed edition: |
| International Standard Book Number |
9783319402994 |
| 776 08 - ADDITIONAL PHYSICAL FORM ENTRY |
| Relationship information |
Printed edition: |
| International Standard Book Number |
9783319820729 |
| 906 ## - LOCAL DATA ELEMENT F, LDF (RLIN) |
| a |
0 |
| b |
ibc |
| c |
origres |
| d |
u |
| e |
ncip |
| f |
20 |
| g |
y-gencatlg |
| 925 0# - |
| -- |
acquire |
| -- |
pcnspringer |
| -- |
policy default |
| 985 ## - |
| -- |
springerpcn |
| 991 ## - |
| -- |
s-Online |
| -- |
Electronic Resource |